A treatise on basic algebra / (Record no. 92976)

MARC details
000 -LEADER
fixed length control field 00656nam a22002177a 4500
005 - DATE AND TIME OF LATEST TRANSACTION
control field 20150528130031.0
010 ## - LCCN (DPL NO)
LC control number ENG-112814
020 ## - INTERNATIONAL STANDARD BOOK NUMBER
Terms of availability 225.00
International Standard Book Number 9789380599571
035 ## - SYSTEM CONTROL NUMBER
System control number EN-96346
037 ## - SOURCE OF ACQUISITION
Source of stock number/acquisition DBAD/PUB
082 ## - DEWEY DECIMAL CLASSIFICATION NUMBER
Classification number 512
100 ## - MAIN ENTRY--PERSONAL NAME
Personal name Ganguly, Sobhakar
245 ## - TITLE STATEMENT
Title A treatise on basic algebra /
Statement of responsibility, etc by Sobhakar Ganguly [and] Manabendra Nath Mukherjee
250 ## - EDITION STATEMENT
Edition statement 3rd ed
260 ## - PUBLICATION, DISTRIBUTION, ETC. (IMPRINT)
Place of publication, distribution, etc Kolkata
Name of publisher, distributor, etc Academic Publishers
Date of publication, distribution, etc 2012
270 ## - ADDRESS
Address 5A Bhawani Dutta Lane,
City Kolkata
Postal code 700073
300 ## - PHYSICAL DESCRIPTION
Extent viii,562p.:
Dimensions 24cm(pbk)
Other physical details ill.
500 ## - GENERAL NOTE
General note Includes index
700 ## - ADDED ENTRY--PERSONAL NAME
Personal name Mukherjee, Manabendra Nath
942 ## - ADDED ENTRY ELEMENTS (KOHA)
Source of classification or shelving scheme Dewey Decimal Classification
Item type English Books
Call number suffix GAN
Classification part 512
Holdings
Withdrawn status Lost status Not for loan Collection code Home library Current library Date acquired Source of acquisition Cost, normal purchase price Full call number Barcode Copy number Cost, replacement price Koha item type
    Not For Loan Non-fiction D.B.Act.Division D.B.Act.Division 15/04/2015 DBAD/PUB 225.00 512 GAN EN-96346 1 225.00 English Books

© Delhi Public Library
Hit Counter
free hit counter